All of MrBeast's YouTube Channels - Statistics

General Stats
  • This quiz has been taken 133 times
  • The average score is 6 of 15
Answer Stats
Channel Name % Correct
MrBeast
100%
MrBeast Gaming
89%
beast
73%
Beast Reacts
66%
MrBeast 2
58%
MrBeast Shorts
46%
Beast Philanthropy
38%
MrBro
25%
MrBeast5997
20%
MrBeast5998
19%
MrBeast5999
16%
MrBeast5996
15%
MrBeast5995
10%
Totally Not MrBeast
10%
Beast Hacks
8%
No matching quizzes found
Score Distribution
Percent of People with Each Score
Percentile by Number Answered
Your Score History
You have not taken this quiz